| 000 | 00989nam a2200229 a 4500 | ||
|---|---|---|---|
| 008 | 080924s1993 ||||||||||||||||| || u | ||
| 020 | _a0201565412 | ||
| 050 | _aTS 155.6 Rem | ||
| 100 | _aNnaji, B. O | ||
| 245 | 1 | 0 |
_aComputer integrated manufacturing and engineering _cU. Rembold; B. O. Nnaji; A. Storr |
| 260 |
_aHarlow, England _bAddison-Wesley _c1993 |
||
| 300 | _axxiii, 640p.: ills | ||
| 350 | _a106500.00 | ||
| 650 | _aCOMPUTERS | ||
| 650 | _aCOMPUTER--AIDED ENGINEERING | ||
| 650 | _aCOMPUTER INTEGRATED MANUFACTURING SYSTEMS | ||
| 650 | _aFLEXIBLE MANUFACTURING SYSTEMS | ||
| 700 | _aRembold, U | ||
| 700 | _aStorr, A | ||
| 995 |
_aMAIN LIBRARY OPEN ACCESS _D0.00 _e738753 _FCBU-MAIN LIBRARY (Kitwe) _H1 _I0.00 _jTS 155.6 Rem _M1 _UAVAILABLE _WSep 24, 2008 _y738753 _ZMain Library Open Access Collection |
||
| 995 |
_aMAIN LIBRARY OPEN ACCESS _D0.00 _e738754 _FCBU-MAIN LIBRARY (Kitwe) _H1 _I0.00 _jTS 155.6 Rem _M2 _UAVAILABLE _WSep 24, 2008 _y738754 _ZMain Library Open Access Collection |
||
| 999 |
_c79659 _d79659 |
||